| 000 | 00538nam a2200181 i 4500 | ||
|---|---|---|---|
| 001 | 109524 | ||
| 003 | ES-MaACL | ||
| 005 | 20230906184846.0 | ||
| 007 | t| | ||
| 008 | 061121s1906 sw r ||||1| fre d | ||
| 100 | 1 |
_aMitjana, Rafael. _981697 |
|
| 245 | 1 | 2 |
_aL'Orientalisme musical et la musique arabe / _cpar Rafael Mitjana. |
| 260 |
_aUpsala : _b[s. n.], _c1906. |
||
| 300 |
_aP. [184]-221 ; _c26 cm. |
||
| 505 | 8 | _aExtr. du `Monde Oriental`, 1906 | |
| 650 | 4 |
_aMúsica- _xInfluencia árabe. _9159103 |
|
| 852 |
_aES-MaACL _j1558-F-13 |
||
| 999 |
_c109524 _d109524 |
||